LEADER 01223nam--2200397---450 001 990001929510203316 005 20201009094747.0 010 $a88-150-9690-6 035 $a000192951 035 $aUSA01000192951 035 $a(ALEPH)000192951USA01 035 $a000192951 100 $a20040813d2004----km-y0enga50------ba 101 $aita 102 $aIT 105 $a||||||||001yy 200 1 $a<> Bizantini in Italia$fGiorgio Ravegnani 210 $aBologna$cIl Mulino$d2004 215 $a240 p.$d21 cm 225 2 $aUniversale paperbacks Il mulino$v469 410 0$12001$aUniversale paperbacks Il mulino$v469 454 1$12001 461 1$1001-------$12001 607 0 $aItalia$xDominazione bizantina$xStoria 676 $a945.014 700 1$aRAVEGNANI,$bGiorgio$035187 801 0$aIT$bsalbc$gISBD 912 $a990001929510203316 951 $aX.1.B. 488 (XI C 23)$b174745 L.M.$cXI C$d00135001 951 $aX.1.B. 488a (XI C 23 A)$b186136 L.M.$cXI C$d00181768 951 $aX.1.B. 488b (XI C 23 B)$b186137 L.M.$cXI C$d00181769 951 $aX.1.B. 488c (XI C 23 C)$b186138 L.M.$cXI C$d00181770 959 $aBK 969 $aUMA 996 $aBizantini in Italia$9746265 997 $aUNISA LEADER 01293nam0 2200325 i 450 001 CFI0617031 005 20231121125455.0 010 $a8846709780 020 $aIT$b2005-4422 100 $a20160401d2004 ||||0itac50 ba 101 | $aita 102 $ait 181 1$6z01$ai $bxxxe 182 1$6z01$an 200 1 $aProlegomeni a Sisenna$fAlessandro Perutelli 210 $aPisa$cETS$d[2004] 215 $a140 p.$d24 cm. 225 | $aTesti e studi di cultura classica$v27 410 0$1001CFI0057307$12001 $aTesti e studi di cultura classica$v27 606 $aSisenna, Lucio Cornelio$2FIR$3RMLC385204$9E 676 $a937.05$9Storia del mondo antico, fino al 499 ca. Penisola italiana e territori limitrofi, fino al 476. Periodo delle guerre civili, 146-31 a.C.$v22 700 1$aPerutelli$b, Alessandro$3LO1V008399$4070$0168213 801 3$aIT$bIT-01$c20160401 850 $aIT-FR0017 899 $aBiblioteca umanistica Giorgio Aprea$bFR0017 $eN 912 $aCFI0617031 950 0$aBiblioteca umanistica Giorgio Aprea$d 52S.SIJ. LL3 Sis.Per.$e 52DUP0000075595 VMN RS Cofinanziamento Anno 2005 - Prof. Pecere$fA $h20180115$i20180115 977 $a 52 996 $aProlegomeni a Sisenna$93606255 997 $aUNICAS